00665nam a2200157Ia 4500008004100000100002900041245012900070245008100199260005300280260000900333300001100342650001500353856004700368999001900415952007300434170221s9999 xx 000 0 und d aRashidah Mohamad Ibrahim aDoes Leader-Member Exchange Impact on Organizational Citizenship Behaviour Readiness? Evidence from State Government Agency  cRashidah Mohamad Ibrahim, Mazuri Abd Ghani, Noorul Hafizah Hashim, Aziz Amin bInternational Review of Management and Marketing c2014 a3 : 1A xMarketing. uhttp://www.econjournals.com/index.php/irmm c313712d313712 001040aCLbCLd2017-02-21l0r2017-02-21 00:00:00w2017-02-21yFOJ